Sử dụng MAPLE trong toán sơ cấp và toán cao cấp

Gespeichert in:
Bibliographische Detailangaben
1. Verfasser: Phan, Đức Châu
Format: Buch
Sprache:Undetermined
Veröffentlicht: Hà Nội Khoa học kỹ thuật 2005
Schlagworte:
Tags: Tag hinzufügen
Keine Tags, Fügen Sie den ersten Tag hinzu!
Thư viện lưu trữ: Trung tâm Học liệu Trường Đại học Cần Thơ
LEADER 00668nam a2200205Ia 4500
001 CTU_74743
008 210402s9999 xx 000 0 und d
020 |c 29000 
082 |a 510.28553 
082 |b Ch125 
100 |a Phan, Đức Châu 
245 0 |a Sử dụng MAPLE trong toán sơ cấp và toán cao cấp 
245 0 |c Phan Đức Châu 
260 |a Hà Nội 
260 |b Khoa học kỹ thuật 
260 |c 2005 
650 |a Mathematics,Maple (Computer file) 
650 |x Data processing 
904 |i Năm, Mai chuyển số PL từ 005.3 về 510.28553 
980 |a Trung tâm Học liệu Trường Đại học Cần Thơ